Normal view MARC view

Entry Personal Name

Number of records used in: 2

001 - CONTROL NUMBER

  • control field: 66565

003 - CONTROL NUMBER IDENTIFIER

  • control field: dpl

005 - DATE AND TIME OF LATEST TRANSACTION

  • control field: 20240521114410.0

008 - FIXED-LENGTH DATA ELEMENTS

  • fixed length control field: 240521|| aca||aabn | a|a d

040 ## - CATALOGING SOURCE

  • Original cataloging agency: dpl
  • Transcribing agency: dpl

100 ## - HEADING--PERSONAL NAME

  • Personal name: सुरेन्द्र सिंह

670 ## - SOURCE DATA FOUND

  • Source citation: Work cat.: (dpl)194013: सुरेन्द्र सिंह, सामान्य अध्ययन : , 2023

© Delhi Public Library
Hit Counter
free hit counter